000 00699nam a2200289Ia 4500
005 20260324115837.0
008 008 260324s9999 xx 000 0 eng d
020 _a9780429255311
037 _aEBOOK
040 _aCRL
040 _beng
040 _cCRL
041 _2eng
041 _aeng
084 _qCRL
100 _aClifford Fiore
_91156226
245 0 _aLean Execution
245 4 _bThe Basic Implementation Guide for Maximizing Process Performance
260 _bTaylor and Francis
260 _c2016
365 _a
365 _b290
856 _uhttp://www.taylorfrancis.com/books/9780429255311
942 _cEBOOK
999 _c1747405
_d1747405